000
00303 a2200145 4500
001
169911
020
_a
040
_c
Magnum
100
_a
Luria, A. R. Et Al.
240
1
0
_a
Psicologia e pedagogia i
_l
por
245
1
0
_a
Psicologia e pedagogia i
362
0
_a
1899
697
_a
ENSINO
942
_c
BK
999
_c
169911
_d
169911